Guess the NBA player #2 - Statistics

General Stats
  • This quiz has been taken 8 times
  • The average score is 7 of 15
Answer Stats
College NBA Years Answer % Correct
UCLA 1970-1989 Kareem Abdul-Jabbar
100%
UCLA 2009-2024 Russell Westbrook
88%
Georgetown 1986-2002 Patrick Ewing
75%
LSU 1993-2011 Shaquille O'Neal
75%
Wake Forest 1998-2016 Tim Duncan
75%
Oklahoma 2011-2023 Blake Griffin
63%
Vilanova 2007-2024 Kyle Lowry
63%
Santa Clara 1997-2014 Steve Nash
63%
Oregon State 1991-2007 Gary Payton
50%
Marquette 2004-2019 Dwayne Wade
38%
UMass 1972-1987 Julius Erving
38%
Washington 2012-2024 Isaiah Thomas
13%
Arizona 2005-2023 Andre Igoudala
0%
Vincennes University/UNC 1973-1986 Bob McAdoo
0%
UCLA 2005-2022 Trevor Ariza
0%
No matching quizzes found
Score Distribution
Percent of People with Each Score
Percentile by Number Answered
Your Score History
You have not taken this quiz